Preserve your love for science : (Record no. 612)

000 -LEADER
fixed length control field 01090nam a22003377a 4500
001 - CONTROL NUMBER
control field 23144114
003 - CONTROL NUMBER IDENTIFIER
control field OSt
005 - DATE AND TIME OF LATEST TRANSACTION
control field 20210421055151.0
008 - FIXED-LENGTH DATA ELEMENTS--GENERAL INFORMATION
fixed length control field 980429n1991 xx u001 0 eng u
010 ## - LIBRARY OF CONGRESS CONTROL NUMBER
LC control number 91000420
020 ## - INTERNATIONAL STANDARD BOOK NUMBER
International Standard Book Number 0521392624 (hardcover)
025 ## - OVERSEAS ACQUISITION NUMBER
Overseas acquisition number 000000077806
040 ## - CATALOGING SOURCE
Original cataloging agency DNLM/DLC
Transcribing agency DLC
Modifying agency NLM
Language of cataloging eng
041 ## - LANGUAGE CODE
Language code of text/sound track or separate title eng
043 ## - GEOGRAPHIC AREA CODE
Geographic area code n-us---
049 ## - LOCAL HOLDINGS (OCLC)
Holding library YYEA
080 ## - UNIVERSAL DECIMAL CLASSIFICATION NUMBER
Universal Decimal Classification number 616.8
Item number B-68
096 ## - LOCALLY ASSIGNED NLM-TYPE CALL NUMBER (OCLC)
Classification number WZ 100 H227B 1991
100 1# - MAIN ENTRY--PERSONAL NAME
Personal name Blustein, Bonnie Ellen.
245 10 - TITLE STATEMENT
Title Preserve your love for science :
Remainder of title life of William A. Hammond, American neurologist /
Statement of responsibility, etc. Bonnie Ellen Blustein.
250 ## - EDITION STATEMENT
Edition statement 1st edition
260 ## - PUBLICATION, DISTRIBUTION, ETC.
Place of publication, distribution, etc. Cambridge ;
-- New York :
Name of publisher, distributor, etc. Cambridge University Press,
Date of publication, distribution, etc. 1991.
300 ## - PHYSICAL DESCRIPTION
Extent x, 289 p. :
Other physical details ill., map ;
Dimensions 24 cm.
440 #0 - SERIES STATEMENT/ADDED ENTRY--TITLE
Title Cambridge history of medicine.
504 ## - BIBLIOGRAPHY, ETC. NOTE
Bibliography, etc. note Includes bibliographical references (p. [235]-282) and index.
590 ## - LOCAL NOTE (RLIN)
Local note c. 1 921138 Ritt 7/24/92 $55.
650 #2 - SUBJECT ADDED ENTRY--TOPICAL TERM
Topical term or geographic name entry element Neurology
Form subdivision Biography.
653 ## - INDEX TERM--UNCONTROLLED
Uncontrolled term ნევროლოგია
700 10 - ADDED ENTRY--PERSONAL NAME
Personal name Hammond, William Alexander,
Dates associated with a name 1828-1900.
942 ## - ADDED ENTRY ELEMENTS (KOHA)
Source of classification or shelving scheme
Koha item type Books
Edition 1
Holdings
Withdrawn status Lost status Source of classification or shelving scheme Damaged status Not for loan Permanent location Current location Date acquired Inventory number Total Checkouts Full call number Barcode Date last seen Price effective from Koha item type
          Ken Walker International University Ken Walker International University 12/14/2020 745   616.8 B-68 745 12/14/2020 12/14/2020 Books

Powered by Koha